| 000 | 00609nam a2200217Ia 4500 | ||
|---|---|---|---|
| 020 | _a0028278801 | ||
| 040 | _cBDR | ||
| 082 | _a500 GLE 1997 A008 Or. | ||
| 100 | 1 | _aMcLaughlin, Charles W | |
| 245 | 1 | 0 | _aGlencoe physical science / |
| 246 | 3 | 0 | _aPhysical science |
| 250 | _aTeacher wraparound edition | ||
| 260 |
_aNew York, N. Y. : _bGlencoe/McGraw-Hill, _cc1997 |
||
| 300 |
_a62T, xxiv, 808 p. : _bcol. ill. ; _c29 cm |
||
| 500 | _aMultimedia edition -- cover | ||
| 650 | 0 | _aPhysics | |
| 650 | 0 | _aPhysical sciences | |
| 700 | 1 | _aThompson, Marilyn | |
| 710 | 2 | _aGlencoe Publishing Co | |
| 942 | _cEK | ||
| 999 |
_c17085 _d17085 |
||